|
|
|
|
| LEADER |
00000nab a2200000 a 4500 |
| 001 |
vtls000787423 |
| 003 |
SK-MaSNL |
| 005 |
20260304133205.0 |
| 008 |
250429c2002 xo 0 slo |
| 015 |
|
|
|a SNBRB2002/03-09328
|
| 035 |
|
|
|a CLN000139078
|
| 035 |
|
|
|a urn:nbn:sk:snk-abnjp
|
| 035 |
|
|
|a (urnnbn)urn:nbn:sk:snk:ar-00390x
|
| 035 |
|
|
|a (uuid)29f2838d-7cef-4be9-b3a1-a7a848d2c2b7
|
| 040 |
|
|
|a SNKBUCL
|b slo
|c SNKBUCL
|e AACR2
|
| 041 |
0 |
|
|a slo
|
| 044 |
|
|
|a xo
|c SK
|
| 080 |
|
|
|a 349.44:351.778.5
|2 1997
|
| 080 |
|
|
|a 347.453
|2 1997
|
| 080 |
|
|
|a 351.778.5
|2 1997
|
| 100 |
1 |
|
|a Kerecman, Peter,
|d 1972-
|4 aut
|9 104731
|
| 245 |
1 |
0 |
|a Obmedzenie vlastíckeho práva uložením povinnosti zabezpečiť bytovú náhradu
|c Peter Kerecman
|
| 504 |
|
|
|a Bibliogr. odkazy
|
| 650 |
0 |
7 |
|a právo bytové
|x náhrada bytu
|2 snkbucl
|9 1449898
|
| 650 |
0 |
7 |
|a náhrada bytu
|2 snkbucl
|9 849815
|
| 650 |
0 |
7 |
|a právo vlastnícke
|x obmedzenia
|x nahrada bytu
|x povinnosť zabezpečania
|2 snkbucl
|9 1449899
|
| 655 |
|
7 |
|a články z novín a časopisov
|2 snkbucl
|9 267496
|
| 773 |
0 |
|
|t Justičná revue
|g Roč. 54, č. 1 (2002), s. 29-39
|
| 850 |
|
|
|a Slovenská národná knižnica
|
| 852 |
|
|
|a Slovenská národná knižnica
|
| 954 |
|
|
|a odborná, vedecká literatúra pôvodná (slovenská)
|2 lita
|
| 958 |
|
|
|a article27
|
| 958 |
|
|
|a OND
|
| 958 |
|
|
|a SK
|
| 958 |
|
|
|a NB
|
| 958 |
|
|
|a EUIPO
|
| 992 |
|
|
|a RBX
|
| 999 |
|
|
|c 2900436
|d 2902366
|